Elements on the Period Table - No Hints - Statistics

General Stats
  • This quiz has been taken 5 times
  • The average score is 20 of 118
Answer Stats
Element % Correct
Helium
100%
Hydrogen
80%
Lithium
80%
Beryllium
60%
Boron
60%
Carbon
60%
Gold
60%
Iron
60%
Magnesium
60%
Nitrogen
60%
Oxygen
60%
Silver
60%
Aluminium
40%
Calcium
40%
Chlorine
40%
Copper
40%
Fluorine
40%
Germanium
40%
Krypton
40%
Manganese
40%
Mercury
40%
Potassium
40%
Radium
40%
Sulfur
40%
Uranium
40%
Yttrium
40%
Antimony
20%
Argon
20%
Arsenic
20%
Bromine
20%
Caesium
20%
Californium
20%
Chromium
20%
Einsteinium
20%
Francium
20%
Iodine
20%
Lead
20%
Neodymium
20%
Neon
20%
Neptunium
20%
Palladium
20%
Phosphorus
20%
Platinum
20%
Plutonium
20%
Radon
20%
Scandium
20%
Selenium
20%
Silicon
20%
Sodium
20%
Strontium
20%
Thorium
20%
Tin
20%
Titanium
20%
Xenon
20%
Zinc
20%
Zirconium
20%
Actinium
0%
Americium
0%
Astatine
0%
Barium
0%
Berkelium
0%
Bismuth
0%
Bohrium
0%
Cadmium
0%
Cerium
0%
Cobalt
0%
Copernicium
0%
Curium
0%
Darmstadtium
0%
Dubnium
0%
Dysprosium
0%
Erbium
0%
Europium
0%
Fermium
0%
Flerovium
0%
Gadolinium
0%
Gallium
0%
Hafnium
0%
Hassium
0%
Holmium
0%
Indium
0%
Iridium
0%
Lanthanum
0%
Lawrencium
0%
Livermorium
0%
Lutetium
0%
Meitnerium
0%
Mendelevium
0%
Molybdenum
0%
Moscovium
0%
Nickle
0%
Nihonium
0%
Niobium
0%
Nobelium
0%
Oganesson
0%
Osmium
0%
Polonium
0%
Praseodymium
0%
Promethium
0%
Protactinium
0%
Rhenium
0%
Rhodium
0%
Roentgenium
0%
Rubidium
0%
Ruthenium
0%
Rutherfordium
0%
Samarium
0%
Seaborgium
0%
Tantalum
0%
Technetium
0%
Tellurium
0%
Tennessine
0%
Terbium
0%
Thallium
0%
Thulium
0%
Tungsten
0%
Vanadium
0%
Ytterbium
0%
No matching quizzes found
Score Distribution
Percent of People with Each Score
Percentile by Number Answered
Your Score History
You have not taken this quiz